|
|
|
|
| LEADER |
01252nnm a2200409 i 4500 |
| 001 |
eta908 |
| 005 |
20181120133948.0 |
| 008 |
181120s2014 hu o 0|| hun d |
| 040 |
|
|
|a SZTE Elektronikus Tananyag Archívum
|b hun
|
| 041 |
|
|
|a hun
|
| 100 |
1 |
|
|a Antal Márk
|
| 245 |
1 |
0 |
|a Dentálhigiénikusok kézikönyve
|h [elektronikus dokumentum] /
|c Antal Márk
|
| 260 |
|
|
|c 2014
|
| 300 |
|
|
|a 518
|
| 516 |
|
|
|a Book
|
| 650 |
|
4 |
|a Orvos- és egészségtudomány
|
| 650 |
|
4 |
|a Klinikai orvostan
|
| 650 |
|
4 |
|a Fogászat, szájsebészet és -gyógyászat
|
| 650 |
|
4 |
|a Fogászat
|
| 695 |
|
|
|a fogászat
|
| 700 |
0 |
1 |
|a Vályi Péter
|
| 700 |
0 |
1 |
|a Barabás József
|e aut
|
| 700 |
0 |
1 |
|a Baráth Zoltán
|e aut
|
| 700 |
0 |
1 |
|a Berkovics Csaba
|e aut
|
| 700 |
0 |
1 |
|a Forster András
|e aut
|
| 700 |
0 |
2 |
|a Joób-Fancsaly Árpád
|e aut
|
| 700 |
0 |
2 |
|a Méray Judit
|e aut
|
| 700 |
0 |
2 |
|a Mihály András
|e aut
|
| 700 |
0 |
2 |
|a Nagy Ákos
|e aut
|
| 700 |
0 |
2 |
|a Nagy Judit
|e aut
|
| 700 |
0 |
2 |
|a Novák Péter
|e aut
|
| 700 |
0 |
2 |
|a Paczona Róbert
|e aut
|
| 700 |
0 |
2 |
|a Párkányi László
|e aut
|
| 700 |
0 |
2 |
|a Pinke Ildikó
|e aut
|
| 700 |
0 |
2 |
|a Radnai Márta
|e aut
|
| 700 |
0 |
2 |
|a Raskó Zoltán
|e aut
|
| 856 |
4 |
0 |
|u https://eta.bibl.u-szeged.hu/908/1/2011-0032_magyar.pdf
|z Dokumentum-elérés
|